Measures of Spirituality/Religiosity (2018) (Record no. 49534)

MARC details
000 -LEADER
fixed length control field 01892nam a2200241Ia 4500
000 - LEADER
fixed length control field 03665naaa 00853uu
001 - CONTROL NUMBER
control field https://directory.doabooks.org/handle/20.500.12854/52916
005 - DATE AND TIME OF LATEST TRANSACTION
control field 20260218105823.0
008 - FIXED-LENGTH DATA ELEMENTS--GENERAL INFORMATION
fixed length control field 211013s9999 xx 000 0 und d
020 ## - INTERNATIONAL STANDARD BOOK NUMBER
International Standard Book Number 9783038979333
024 ## - OTHER STANDARD IDENTIFIER
Standard number or code 10.3390/books978-3-03897-933-3
042 ## - AUTHENTICATION CODE
Authentication code dc
245 #0 - TITLE STATEMENT
Title Measures of Spirituality/Religiosity (2018)
260 ## - PUBLICATION, DISTRIBUTION, ETC.
Name of publisher, distributor, etc. MDPI - Multidisciplinary Digital Publishing Institute
Date of publication, distribution, etc. 2019
300 ## - PHYSICAL DESCRIPTION
Extent 1 electronic resource (180 p.)
520 ## - SUMMARY, ETC.
Summary, etc. The interest in the topic of spirituality as a more or less independent dimension of quality of life is continuously growing, and research questions are beginning to change as the field of religiosity changes, becoming more diverse and pluralistic. Addressing new topics in health research also relies on standardized questionnaires. The number of instruments intended to measure specific aspects of spirituality is growing, and it is particularly difficult to evaluate the new instruments. This Special Issue will focus on some of the established instruments (updating them to different languages and cultures), but will also describe the features and intentions of newly-developed instruments, which may potentially be used in larger studies to develop knowledge relevant to spiritual care and practice. This Special Issue will serve as a resource on the instruments used to study the wide range of organized religiosity, the individual experience of the divine, and an open approach in the search for meaning and purpose in life.
540 ## - TERMS GOVERNING USE AND REPRODUCTION NOTE
Terms governing use and reproduction Creative Commons
653 ## - INDEX TERM--UNCONTROLLED
Uncontrolled term clinical setting
700 1# - ADDED ENTRY--PERSONAL NAME
Personal name Bussing, Arndt
856 ## - ELECTRONIC LOCATION AND ACCESS
Uniform Resource Identifier <a href="https://docs.google.com/spreadsheets/d/1yKIrdCPDAG_9c22mwoOIO2DOhtj65Wqa/edit?usp=sharing&ouid=106555315294820607512&rtpof=true&sd=true ">https://docs.google.com/spreadsheets/d/1yKIrdCPDAG_9c22mwoOIO2DOhtj65Wqa/edit?usp=sharing&ouid=106555315294820607512&rtpof=true&sd=true </a>
Link text List of Curated E-Books
942 ## - ADDED ENTRY ELEMENTS (KOHA)
Koha item type E-Book
Holdings
Withdrawn status Source of classification or shelving scheme Damaged status Not for loan Home library Current library Date acquired Total Checkouts Date last seen Price effective from Koha item type
  Library of Congress Classification   Not For Loan Directory of Open Access Books Directory of Open Access Books 12/22/2021   12/22/2021 12/22/2021 E-Book

University of Rizal System
Email us at univlibservices@urs.edu.ph

Visit our Website www.urs.edu.ph/library